[Event "Wisconsin Int"]
[Site "Madison"]
[Date "2017.06.18"]
[Round "9"]
[White "Nakar, Eylon"]
[Black "Langer, Mikhail"]
[Result "1/2-1/2"]
[WhiteElo "2476"]
[BlackElo "2183"]
[PlyCount "147"]
[EventDate "2017.06.13"]
[EventType "swiss"]
[EventRounds "9"]
[EventCountry "USA"]
[SourceTitle "CBM 179 Extra"]
[Source "ChessBase"]
[SourceDate "2017.08.23"]
[SourceVersion "1"]
[SourceVersionDate "2017.08.23"]
[SourceQuality "1"]

1. e4 c5 2. Nf3 d6 3. Bb5+ Bd7 4. c4 Nf6 5. Nc3 g6 6. d4 cxd4 7. Nxd4 Bg7 8. Be3 0-0 9. Bxd7 Nbxd7 10. f3 Qa5 11. Rc1 Rfc8 12. Nb3 Qa6 13. Nd2 Ne5 14. Qe2 Nxc4 15. Nxc4 Qxc4 16. Qxc4 Rxc4 17. Kd2 a6 18. b3 Rc7 19. Bg5 Rac8 20. Na4 Rxc1 21. Rxc1 Rxc1 22. Kxc1 Kf8 23. Nb6 Ke8 24. Nd5 Nxd5 25. exd5 e6 26. dxe6 fxe6 27. Kc2 Kd7 28. Kd3 Kc6 29. Bd2 e5 30. h3 d5 31. Bc1 Bf8 32. Bb2 Bd6 33. Bc3 Kb5 34. Be1 Be7 35. Bc3 Bf6 36. Bd2 Bh4 37. g4 Bf2 38. Bc3 Bg3 39. Bd2 Kc5 40. Bc3 Kd6 41. Bd2 Bf4 42. Be1 Ke6 43. Bh4 Kf7 44. Bd8 Kg7 45. Be7 h5 46. Bd8 Kh6 47. Bf6 Bg3 48. Ke3 Kh7 49. Kd3 Kg8 50. Bg5 Kf7 51. Bd8 Ke6 52. Bg5 Be1 53. Bd8 Bb4 54. Bh4 Kd6 55. Bf6 a5 56. a4 Be1 57. Bd8 Kd7 58. Bf6 Bg3 59. Ke3 Kc6 60. Kd3 b5 61. Bd8 bxa4 62. bxa4 Be1 63. Bf6 Kd6 64. Bg5 e4+ 65. fxe4 dxe4+ 66. Kxe4 Kc5 67. Be7+ Kc4 68. Ke5 hxg4 69. hxg4 Bb4 70. Bd8 Bc3+ 71. Ke6 Kb4 72. Kf7 Kxa4 73. Kxg6 Kb3 74. Bxa5 1/2-1/2

[Event "Wisconsin Int"]
[Site "Madison"]
[Date "2017.06.14"]
[Round "3"]
[White "Liu, Zhanhe"]
[Black "Langer, Mikhail"]
[Result "1/2-1/2"]
[WhiteElo "1963"]
[BlackElo "2183"]
[PlyCount "107"]
[EventDate "2017.06.13"]
[EventType "swiss"]
[EventRounds "9"]
[EventCountry "USA"]
[SourceTitle "CBM 179 Extra"]
[Source "ChessBase"]
[SourceDate "2017.08.23"]
[SourceVersion "1"]
[SourceVersionDate "2017.08.23"]
[SourceQuality "1"]

1. e4 c5 2. Nf3 d6 3. d4 cxd4 4. Nxd4 Nf6 5. Nc3 a6 6. h3 e5 7. Nde2 h5 8. g3 Be6 9. Bg2 Nbd7 10. a4 Be7 11. Nd5 Nxd5 12. exd5 Bf5 13. 0-0 g5 14. Nc3 Bg6 15. Qe2 f5 16. Bd2 Rc8 17. a5 Kf7 18. Rfc1 Bf6 19. f3 b5 20. Na2 f4 21. Nb4 Nc5 22. Nc6 Rxc6 23. dxc6 Qc7 24. g4 Qxc6 25. Bb4 Ne6 26. c3 hxg4 27. hxg4 Bd8 28. Re1 Bc7 29. Rad1 Bb8 30. Qd2 Qc4 31. Bf1 Qc6 32. Qd5 Qxd5 33. Rxd5 Rd8 34. Red1 Bc2 35. R1d2 Bb3 36. c4 Nd4 37. R5xd4 exd4 38. cxb5 axb5 39. Bxb5 Ba7 40. Bd3 Bc5 41. Ba3 Re8 42. Be4 Bxa3 43. bxa3 d5 44. Bd3 Re1+ 45. Kf2 Ra1 46. Be2 Bc4 47. Bxc4 dxc4 48. Rxd4 Ra2+ 49. Ke1 c3 50. Rc4 Rxa3 51. Rc5 Ke6 52. Kd1 Kf6 53. Rf5+ Kg6 54. Rc5 1/2-1/2

[Event "Calgary op"]
[Site "Calgary"]
[Date "2016.07.28"]
[Round "2"]
[White "Langer, Mikhail"]
[Black "Preotu, Razvan"]
[Result "0-1"]
[WhiteElo "2245"]
[BlackElo "2452"]
[PlyCount "48"]
[EventDate "2016.07.27"]
[EventType "swiss"]
[EventRounds "9"]
[EventCountry "CAN"]
[SourceTitle "CBM 173 Extra"]
[Source "ChessBase"]
[SourceDate "2016.08.29"]
[SourceVersion "1"]
[SourceVersionDate "2016.08.29"]
[SourceQuality "1"]

1. e4 c5 2. Nf3 d6 3. d4 cxd4 4. Nxd4 Nf6 5. Nc3 a6 6. h3 e5 7. Nde2 h5 8. Bg5 Be6 9. f4 Nbd7 10. f5 Bc4 11. b3 Bxe2 12. Bxe2 Be7 13. a4 d5 14. Bxf6 Nxf6 15. Nxd5 Nxe4 16. 0-0 Ng3 17. Re1 Bc5+ 18. Kh2 Nxf5 19. Bxh5 Qd6 20. Re4 Bd4 21. Bf3 Qxd5 22. Rh4 Qd6 23. Rxh8+ Ke7 24. Be4 Rxh8 0-1

[Event "Southwest Class-ch 7th"]
[Site "Dallas"]
[Date "2016.02.14"]
[Round "6"]
[White "Langer, Mikhail"]
[Black "Liang, Awonder"]
[Result "1/2-1/2"]
[WhiteElo "2198"]
[BlackElo "2379"]
[PlyCount "66"]
[EventDate "2016.02.11"]
[EventType "swiss"]
[EventRounds "9"]
[EventCountry "USA"]
[SourceTitle "EXT 2018"]
[Source "ChessBase"]
[SourceDate "2017.10.13"]
[SourceVersion "1"]
[SourceVersionDate "2017.10.13"]
[SourceQuality "1"]

1. e4 c5 2. Nf3 e6 3. d3 Nc6 4. g3 g6 5. Bg2 Bg7 6. 0-0 Nge7 7. c3 d5 8. Nbd2 0-0 9. Re1 Qc7 10. Qe2 e5 11. exd5 Nxd5 12. Nc4 Re8 13. Ng5 Nb6 14. Be3 h6 15. Ne4 Nxc4 16. dxc4 f5 17. Nxc5 e4 18. f3 b6 19. Nb3 Bb7 20. fxe4 fxe4 21. Nd2 Ne5 22. Nxe4 Qxc4 23. Nf6+ Bxf6 24. Bxb7 Rab8 25. Bd4 Qf7 26. Bg2 Ng4 27. Qf3 Bxd4+ 28. cxd4 Rxe1+ 29. Rxe1 Re8 30. Qxf7+ Kxf7 31. Rxe8 Kxe8 32. Bf3 Nf6 33. Bd1 Kf7 1/2-1/2

[Event "Southwest Class-ch 7th"]
[Site "Dallas"]
[Date "2016.02.11"]
[Round "1"]
[White "Vaidya, Atreya"]
[Black "Langer, Mikhail"]
[Result "0-1"]
[WhiteElo "1848"]
[BlackElo "2198"]
[PlyCount "60"]
[EventDate "2016.02.11"]
[EventType "swiss"]
[EventRounds "9"]
[EventCountry "USA"]
[SourceTitle "EXT 2018"]
[Source "ChessBase"]
[SourceDate "2017.10.13"]
[SourceVersion "1"]
[SourceVersionDate "2017.10.13"]
[SourceQuality "1"]

1. e4 c5 2. Nf3 d6 3. d4 cxd4 4. Nxd4 Nf6 5. Nc3 a6 6. Be2 e5 7. Nb3 Be7 8. Be3 0-0 9. 0-0 Be6 10. Kh1 b5 11. Nd5 Nbd7 12. Nxe7+ Qxe7 13. f3 d5 14. Bd3 d4 15. Bd2 Nb6 16. Qe1 Rfe8 17. Bb4 Qc7 18. Ba5 Qc6 19. Qb4 Nc4 20. Rab1 Nh5 21. Nc5 Ne3 22. Rf2 Bc4 23. Nb3 Nf4 24. Qc5 Qf6 25. Rd2 Rac8 26. Qb4 Bxd3 27. cxd3 Nc2 28. Rxc2 Rxc2 29. Rg1 Nxd3 30. Qa3 Nf2# 0-1

[Event "US Open-116"]
[Site "Phoenix"]
[Date "2015.08.06"]
[Round "6"]
[White "Langer, Mikhail"]
[Black "Narnur, Pranav A"]
[Result "1-0"]
[WhiteElo "2187"]
[BlackElo "1738"]
[PlyCount "69"]
[EventDate "2015.08.01"]
[EventType "swiss"]
[EventRounds "9"]
[EventCountry "USA"]
[SourceTitle "CBM 167 Extra"]
[Source "ChessBase"]
[SourceDate "2015.09.14"]
[SourceVersion "1"]
[SourceVersionDate "2015.09.14"]
[SourceQuality "1"]

1. e4 c5 2. Nf3 Nc6 3. d4 cxd4 4. Nxd4 e5 5. Nb5 d6 6. N1c3 a6 7. Na3 Be7 8. Nd5 Nf6 9. Nxf6+ Bxf6 10. Nc4 0-0 11. Ne3 Be6 12. Bc4 Bxc4 13. Nxc4 Nd4 14. c3 b5 15. Ne3 Ne6 16. 0-0 Nc5 17. Qf3 Bg5 18. Nd5 Bxc1 19. Rfxc1 Rb8 20. Rd1 Qd7 21. Ne3 Kh8 22. Nf5 Rb6 23. Qe3 Qc7 24. Rd5 Nb7 25. Rad1 Rd8 26. Qd2 Rc6 27. h4 g6 28. Ne3 Qe7 29. g3 Rf8 30. f4 Nc5 31. fxe5 dxe5 32. Ng4 Nxe4 33. Qe3 f5 34. Nxe5 Nf6 35. Nxg6+ 1-0

[Event "US Open-115"]
[Site "Orlando"]
[Date "2014.07.31"]
[Round "6"]
[White "Langer, Mikhail"]
[Black "Thompson, Reece E"]
[Result "1-0"]
[WhiteElo "2191"]
[BlackElo "2007"]
[PlyCount "61"]
[EventDate "2014.07.26"]
[EventType "swiss"]
[EventRounds "9"]
[EventCountry "USA"]
[SourceTitle "CBM 161 Extra"]
[Source "ChessBase"]
[SourceDate "2014.08.29"]
[SourceVersion "1"]
[SourceVersionDate "2014.08.29"]
[SourceQuality "1"]

1. e4 e6 2. d4 d5 3. Nd2 Nc6 4. Ngf3 Nf6 5. e5 Nd7 6. Bd3 Nb4 7. Be2 c5 8. c3 Nc6 9. 0-0 Be7 10. Re1 cxd4 11. cxd4 0-0 12. Nb1 f6 13. exf6 Nxf6 14. Nc3 Bd7 15. Bd3 Be8 16. Ng5 Bh5 17. Qa4 Ng4 18. Nxe6 Qd6 19. f4 Rf6 20. Ng5 Rxf4 21. Bxf4 Qxf4 22. Nf3 Ne3 23. Ne2 Qg4 24. Ng3 Nxg2 25. Be2 Nf4 26. Bd1 Qh3 27. Qc2 Bxf3 28. Bxf3 Nxd4 29. Bxd5+ Kh8 30. Qe4 Rf8 31. Qxe7 1-0

[Event "US Open-115"]
[Site "Orlando"]
[Date "2014.07.30"]
[Round "5"]
[White "Langer, Mikhail"]
[Black "Mo, Jack"]
[Result "0-1"]
[WhiteElo "2191"]
[BlackElo "2002"]
[PlyCount "108"]
[EventDate "2014.07.26"]
[EventType "swiss"]
[EventRounds "9"]
[EventCountry "USA"]
[SourceTitle "CBM 161 Extra"]
[Source "ChessBase"]
[SourceDate "2014.08.29"]
[SourceVersion "1"]
[SourceVersionDate "2014.08.29"]
[SourceQuality "1"]

1. e4 c5 2. Nf3 e6 3. d4 cxd4 4. Nxd4 Nf6 5. Nc3 d6 6. Be3 a6 7. f3 Nbd7 8. Qd2 b5 9. g4 Nb6 10. a4 b4 11. Na2 a5 12. c3 bxc3 13. Nxc3 Bb7 14. Bb5+ Nfd7 15. Qf2 Nc8 16. Rc1 Be7 17. Bc6 Bh4 18. Bxb7 Bxf2+ 19. Bxf2 Rb8 20. Ba6 Ne7 21. Bb5 0-0 22. Bh4 Nf6 23. g5 Nh5 24. g6 Qc7 25. gxf7+ Kxf7 26. Nce2 Qb7 27. 0-0 Ng6 28. Bg5 Rbc8 29. Bc6 Qa7 30. Kh1 Ne5 31. Nb5 Qb8 32. Ned4 Nd3 33. Rc3 Ndf4 34. Rfc1 h6 35. Bh4 g6 36. Bd7 Rxc3 37. Rxc3 g5 38. Bf2 Nf6 39. Nc6 Qa8 40. Nxd6+ Kg7 41. Ne5 Nxd7 42. Nxd7 Qd8 43. Bb6 Qxd7 44. Rc7 Rf7 45. Rxd7 Rxd7 46. e5 Nd3 47. Bd4 Ne1 48. Bc3 Nxf3 49. Bxa5 Ra7 50. Nc4 Nd4 51. Bb6 Rxa4 52. Bxd4 Rxc4 53. Bc3 Kg6 54. Kg2 Rf4 0-1

[Event "US Open-115"]
[Site "Orlando"]
[Date "2014.07.29"]
[Round "4"]
[White "High, David L"]
[Black "Langer, Mikhail"]
[Result "0-1"]
[WhiteElo "1931"]
[BlackElo "2191"]
[PlyCount "54"]
[EventDate "2014.07.26"]
[EventType "swiss"]
[EventRounds "9"]
[EventCountry "USA"]
[SourceTitle "CBM 161 Extra"]
[Source "ChessBase"]
[SourceDate "2014.08.29"]
[SourceVersion "1"]
[SourceVersionDate "2014.08.29"]
[SourceQuality "1"]

1. e4 c5 2. Nf3 d6 3. d4 cxd4 4. Nxd4 Nf6 5. Nc3 a6 6. Be3 e5 7. Nb3 Be6 8. f3 Be7 9. Qd2 0-0 10. g4 d5 11. g5 d4 12. gxf6 Bxf6 13. Bxd4 exd4 14. Ne2 Nc6 15. 0-0-0 Bxb3 16. cxb3 a5 17. f4 a4 18. bxa4 Rxa4 19. b3 Ra5 20. Kb1 Qb6 21. e5 Be7 22. Rg1 d3 23. Qxd3 Rd8 24. Qc2 Nb4 25. Rxd8+ Qxd8 26. Qc4 Qd1+ 27. Nc1 Rc5 0-1

[Event "Reykjavik op"]
[Site "Reykjavik"]
[Date "2014.03.10"]
[Round "8"]
[White "Langer, Mikhail"]
[Black "Hansen, Lars Henrik Bech"]
[Result "1-0"]
[WhiteElo "2248"]
[BlackElo "2022"]
[PlyCount "29"]
[EventDate "2014.03.04"]
[EventType "swiss"]
[EventRounds "10"]
[EventCountry "ISL"]
[SourceTitle "CBM 159 Extra"]
[Source "ChessBase"]
[SourceDate "2014.04.24"]
[SourceVersion "1"]
[SourceVersionDate "2014.04.24"]
[SourceQuality "1"]

1. e4 d6 2. d4 g6 3. Nc3 Nf6 4. Be3 c6 5. Qd2 b5 6. Bd3 Nbd7 7. Nf3 a6 8. 0-0 Bb7 9. e5 dxe5 10. dxe5 Nd5 11. Nxd5 cxd5 12. e6 fxe6 13. Bd4 Nf6 14. Qe2 Qd6 15. Ng5 1-0

[Event "Reykjavik op"]
[Site "Reykjavik"]
[Date "2014.03.09"]
[Round "7"]
[White "Djurhuus, Eivind X"]
[Black "Langer, Mikhail"]
[Result "1-0"]
[WhiteElo "1953"]
[BlackElo "2248"]
[PlyCount "133"]
[EventDate "2014.03.04"]
[EventType "swiss"]
[EventRounds "10"]
[EventCountry "ISL"]
[SourceTitle "CBM 159 Extra"]
[Source "ChessBase"]
[SourceDate "2014.04.24"]
[SourceVersion "1"]
[SourceVersionDate "2014.04.24"]
[SourceQuality "1"]

1. Nf3 c5 2. c4 Nf6 3. Nc3 e6 4. d4 cxd4 5. Nxd4 Nc6 6. g3 Qb6 7. e3 Bb4 8. Bg2 Ne5 9. Bf1 0-0 10. Be2 d5 11. cxd5 exd5 12. 0-0 Bh3 13. Re1 Rac8 14. Qb3 Qa5 15. Ndb5 Bg4 16. Bxg4 Nfxg4 17. Rd1 Rc5 18. Kg2 Rxb5 19. Nxb5 Qxb5 20. h3 Qe2 21. hxg4 Nxg4 22. Rf1 Be1 23. Qxd5 h5 24. b3 Rc8 25. Qf3 Qxf3+ 26. Kxf3 Bc3 27. Rb1 Nh2+ 28. Kg2 Nxf1 29. Kxf1 Bb4 30. Bb2 Rc2 31. a4 Bc5 32. Rc1 Rxb2 33. Rxc5 h4 34. Rb5 h3 35. Kg1 b6 36. a5 h2+ 37. Kxh2 Rxf2+ 38. Kg1 Rf6 39. axb6 axb6 40. Kg2 Kf8 41. g4 Ke7 42. g5 Re6 43. Kf3 g6 44. Kf4 Kd7 45. e4 Kc6 46. Re5 Kd7 47. Rb5 Rc6 48. Ke5 Kc7 49. Rd5 Re6+ 50. Kf4 f6 51. gxf6 Rxf6+ 52. Ke3 Rd6 53. Rg5 Kd7 54. Kf4 Re6 55. Rd5+ Ke7 56. Rb5 Rc6 57. Re5+ Kf6 58. Rb5 Re6 59. Rd5 Ke7 60. Rb5 Rd6 61. Re5+ Kd7 62. b4 Rf6+ 63. Kg5 Re6 64. Rd5+ Rd6 65. Rxd6+ Kxd6 66. Kf6 Kd7 67. e5 1-0

[Event "Reykjavik op"]
[Site "Reykjavik"]
[Date "2014.03.05"]
[Round "2"]
[White "Langer, Mikhail"]
[Black "Olafsson, Helgi"]
[Result "1/2-1/2"]
[WhiteElo "2248"]
[BlackElo "2546"]
[PlyCount "52"]
[EventDate "2014.03.04"]
[EventType "swiss"]
[EventRounds "10"]
[EventCountry "ISL"]
[SourceTitle "CBM 159 Extra"]
[Source "ChessBase"]
[SourceDate "2014.04.24"]
[SourceVersion "1"]
[SourceVersionDate "2014.04.24"]
[SourceQuality "1"]

1. e4 c6 2. d4 d5 3. exd5 cxd5 4. c4 Nf6 5. Nc3 e6 6. Nf3 Bb4 7. cxd5 Nxd5 8. Qc2 Nc6 9. Bd3 Ba5 10. a3 h6 11. 0-0 0-0 12. Be3 Nxe3 13. fxe3 Bd7 14. Ne4 Rc8 15. Qe2 Bb6 16. Nd6 Rb8 17. Rac1 Qe7 18. Nc4 Bc7 19. Bb1 Rbd8 20. Qc2 g6 21. Kh1 Bc8 22. b4 a6 23. Qc3 Bd7 24. e4 Bf4 25. Rce1 b5 26. Nb2 Rc8 1/2-1/2

[Event "Reykjavik op"]
[Site "Reykjavik"]
[Date "2014.03.05"]
[Round "3"]
[White "Stefansson, Hannes"]
[Black "Langer, Mikhail"]
[Result "1-0"]
[WhiteElo "2541"]
[BlackElo "2248"]
[PlyCount "57"]
[EventDate "2014.03.04"]
[EventType "swiss"]
[EventRounds "10"]
[EventCountry "ISL"]
[SourceTitle "CBM 159 Extra"]
[Source "ChessBase"]
[SourceDate "2014.04.24"]
[SourceVersion "1"]
[SourceVersionDate "2014.04.24"]
[SourceQuality "1"]

1. d4 Nf6 2. c4 c5 3. d5 b5 4. cxb5 a6 5. bxa6 g6 6. Nc3 Bxa6 7. Nf3 d6 8. e4 Bxf1 9. Kxf1 Bg7 10. g3 0-0 11. Kg2 Nbd7 12. a4 Qb6 13. Qe2 Rfb8 14. Nb5 Ne8 15. Bg5 Kf8 16. Nd2 Qb7 17. Ra2 Nc7 18. Nxc7 Qxc7 19. b3 Rb4 20. Rc2 Nb6 21. Qe3 Kg8 22. Bh6 Bf6 23. h4 c4 24. Rhc1 c3 25. Rxc3 Bxc3 26. Rxc3 Qb7 27. Rc6 Nd7 28. Qc3 Ne5 29. f4 1-0

[Event "Reykjavik op"]
[Site "Reykjavik"]
[Date "2014.03.04"]
[Round "1"]
[White "Thorarensen, Adalsteinn"]
[Black "Langer, Mikhail"]
[Result "0-1"]
[WhiteElo "1737"]
[BlackElo "2248"]
[PlyCount "44"]
[EventDate "2014.03.04"]
[EventType "swiss"]
[EventRounds "10"]
[EventCountry "ISL"]
[SourceTitle "CBM 159 Extra"]
[Source "ChessBase"]
[SourceDate "2014.04.24"]
[SourceVersion "1"]
[SourceVersionDate "2014.04.24"]
[SourceQuality "1"]

1. d4 Nf6 2. Nf3 e6 3. e3 c5 4. c3 d5 5. Bd3 Nc6 6. 0-0 Bd6 7. Re1 0-0 8. b3 e5 9. dxe5 Nxe5 10. Be2 Ne4 11. Nfd2 Nxf2 12. Kxf2 Qh4+ 13. Kf1 Qxh2 14. Bf3 Nd3 15. Bxd5 Nxe1 16. Kxe1 Bg3+ 17. Ke2 Bg4+ 18. Nf3 Qxg2+ 19. Kd3 Rfd8 20. Kc4 Rxd5 21. Qxd5 Bxf3 22. Qxc5 Qf1+ 0-1

[Event "US Open-114"]
[Site "Middleton"]
[Date "2013.08.02"]
[Round "7"]
[White "Langer, Mikhail"]
[Black "McCartney, Patrick J"]
[Result "1-0"]
[WhiteElo "2217"]
[BlackElo "2074"]
[PlyCount "49"]
[EventDate "2013.07.27"]
[EventType "swiss"]
[EventRounds "9"]
[EventCountry "USA"]
[SourceTitle "CBM 155 Extra"]
[Source "ChessBase"]
[SourceDate "2013.08.26"]
[SourceVersion "1"]
[SourceVersionDate "2013.08.26"]
[SourceQuality "1"]

1. e4 c6 2. d4 d5 3. f3 dxe4 4. fxe4 e5 5. Nf3 Be6 6. c3 exd4 7. cxd4 Nf6 8. Nc3 Bb4 9. Bd3 Nbd7 10. 0-0 h6 11. Qe2 0-0 12. e5 Nd5 13. Qe4 g6 14. Bxh6 Bxc3 15. bxc3 Bf5 16. Qe2 Nxc3 17. Qc2 Nxe5 18. Bxf5 Nxf3+ 19. gxf3 Qxd4+ 20. Kh1 Rfe8 21. Bxg6 Re2 22. Qf5 fxg6 23. Qxg6+ Kh8 24. Bg5 Rf8 25. Rg1 1-0

[Event "Calgary op"]
[Site "Calgary"]
[Date "2013.05.17"]
[Round "6"]
[White "Langer, Mikhail"]
[Black "Cao, Jason"]
[Result "0-1"]
[WhiteElo "2237"]
[BlackElo "2026"]
[PlyCount "86"]
[EventDate "2013.05.14"]
[EventType "swiss"]
[EventRounds "9"]
[EventCountry "CAN"]
[SourceTitle "CBM 154 Extra"]
[Source "ChessBase"]
[SourceDate "2013.06.25"]
[SourceVersion "2"]
[SourceVersionDate "2013.06.25"]
[SourceQuality "1"]

1. e4 c5 2. d3 Nc6 3. g3 g6 4. Bg2 Bg7 5. f4 d6 6. Nf3 e6 7. 0-0 Nge7 8. c3 0-0 9. Be3 b6 10. a4 Ba6 11. Na3 d5 12. Nb5 Bb7 13. e5 Nf5 14. Bf2 a6 15. g4 axb5 16. gxf5 gxf5 17. axb5 Ne7 18. b4 cxb4 19. cxb4 Ng6 20. Rxa8 Bxa8 21. Bg3 d4 22. Qa1 Qd5 23. Qxd4 Qxb5 24. Rc1 Ne7 25. Qc4 Qd7 26. Qd4 Qxd4+ 27. Nxd4 Bxg2 28. Kxg2 Nd5 29. b5 Ra8 30. Kf3 Ra3 31. Ke2 Bh6 32. Rc8+ Kg7 33. Nc2 Rb3 34. Rb8 Rxb5 35. Ne3 Nxf4+ 36. Kf3 Nxd3 37. Nc4 f4 38. Bh4 Nxe5+ 39. Nxe5 Rxe5 40. Bf2 Rb5 41. Bxb6 Kg6 42. Rg8+ Kf5 43. Bc7 e5 0-1

[Event "Richardson UTD op"]
[Site "Richardson"]
[Date "2013.03.11"]
[Round "5"]
[White "Langer, Mikhail"]
[Black "Abasov, Nijat Azad"]
[Result "0-1"]
[WhiteElo "2211"]
[BlackElo "2465"]
[PlyCount "68"]
[EventDate "2013.03.09"]
[EventType "swiss"]
[EventRounds "9"]
[EventCountry "USA"]
[SourceTitle "CBM 153 Extra"]
[Source "ChessBase"]
[SourceDate "2013.04.22"]
[SourceVersion "1"]
[SourceVersionDate "2013.04.22"]
[SourceQuality "1"]

1. e4 e6 2. d4 d5 3. Nd2 Nf6 4. e5 Nfd7 5. Bd3 c5 6. c3 Nc6 7. Ne2 cxd4 8. cxd4 f6 9. Nf4 Nxd4 10. Qh5+ Ke7 11. exf6+ Nxf6 12. Ng6+ hxg6 13. Qxh8 Kf7 14. Qh4 e5 15. Nf3 Nxf3+ 16. gxf3 Bf5 17. Bxf5 gxf5 18. Bg5 Qa5+ 19. Kf1 Be7 20. Kg2 d4 21. Rhe1 Rd8 22. a3 d3 23. Red1 Rd4 24. Qh8 Qd5 25. h3 d2 26. Bxf6 Bxf6 27. Qh7 Rf4 28. Kg1 Qxf3 29. Rxd2 Rh4 30. Rd7+ Ke6 31. Qg8+ Kxd7 32. Rc1 Rxh3 33. Qc8+ Kd6 34. Qb8+ Ke6 0-1

[Event "Richardson UTD op"]
[Site "Richardson"]
[Date "2013.03.10"]
[Round "4"]
[White "Jacobs, John N"]
[Black "Langer, Mikhail"]
[Result "1-0"]
[WhiteElo "2300"]
[BlackElo "2211"]
[PlyCount "85"]
[EventDate "2013.03.09"]
[EventType "swiss"]
[EventRounds "9"]
[EventCountry "USA"]
[SourceTitle "CBM 153 Extra"]
[Source "ChessBase"]
[SourceDate "2013.04.22"]
[SourceVersion "1"]
[SourceVersionDate "2013.04.22"]
[SourceQuality "1"]

1. Nf3 c5 2. g3 d5 3. c4 d4 4. Bg2 Nc6 5. d3 e5 6. b4 cxb4 7. a3 Nf6 8. 0-0 Bf5 9. Qa4 Qd7 10. axb4 Bxb4 11. Nxe5 Nxe5 12. Qxb4 Nc6 13. Qc5 Bh3 14. Ba3 h5 15. Qg5 h4 16. Qxg7 0-0-0 17. Qxf6 hxg3 18. fxg3 Bxg2 19. Kxg2 Qh3+ 20. Kf2 Rh6 21. Qf4 Re8 22. Ke1 Rhe6 23. Ra2 Ne5 24. Rd2 Qxh2 25. Kd1 Qh3 26. Bc5 Nc6 27. Re1 Qh5 28. Bxd4 Qa5 29. Bc3 Nb4 30. Rb2 Qa4+ 31. Kd2 Nc6 32. Qf5 a6 33. Qxf7 Nd8 34. Qf5 Qc6 35. Qd5 Qc7 36. Qf3 Nc6 37. g4 Qh2 38. g5 Qh4 39. Bf6 Rd6 40. e4 Nd4 41. Bxd4 Rxd4 42. Re3 Qh2+ 43. Qe2 1-0

[Event "Richardson UTD op"]
[Site "Richardson"]
[Date "2013.03.09"]
[Round "1"]
[White "Yang, Darwin"]
[Black "Langer, Mikhail"]
[Result "0-1"]
[WhiteElo "2486"]
[BlackElo "2211"]
[PlyCount "85"]
[EventDate "2013.03.09"]
[EventType "swiss"]
[EventRounds "9"]
[EventCountry "USA"]
[SourceTitle "CBM 153 Extra"]
[Source "ChessBase"]
[SourceDate "2013.04.22"]
[SourceVersion "1"]
[SourceVersionDate "2013.04.22"]
[SourceQuality "1"]

1. d4 Nf6 2. c4 c5 3. d5 e6 4. Nc3 exd5 5. cxd5 d6 6. g3 g6 7. Bg2 Bg7 8. Nf3 0-0 9. 0-0 Re8 10. Bf4 a6 11. a4 Bg4 12. h3 Bxf3 13. Bxf3 Qe7 14. e4 Nbd7 15. Re1 Rab8 16. Rb1 Ne5 17. Be2 Nfd7 18. Qd2 b5 19. b3 b4 20. Nd1 f5 21. Bxe5 Qxe5 22. exf5 Qxf5 23. Ne3 Qxh3 24. Bf1 Qh6 25. Nc4 Qxd2 26. Rxe8+ Rxe8 27. Nxd2 Bc3 28. Nc4 Bd4 29. Kg2 Nf6 30. Nxd6 Rd8 31. Nb7 Rd7 32. Bxa6 Nxd5 33. Bc4 Kg7 34. Bxd5 Rxd5 35. a5 Rf5 36. f4 Rf7 37. Nd6 Rd7 38. Nc4 Re7 39. Kf3 h5 40. Rd1 Kf6 41. Rd2 g5 42. fxg5+ Kxg5 43. a6 0-1

[Event "USA-chT Amateur East"]
[Site "Parsippany"]
[Date "2013.02.16"]
[Round "1"]
[White "Wang, Yuan1"]
[Black "Langer, Mikhail"]
[Result "0-1"]
[WhiteElo "1879"]
[BlackElo "2211"]
[PlyCount "108"]
[EventDate "2013.02.16"]
[EventType "team-swiss"]
[EventRounds "6"]
[EventCountry "USA"]
[SourceTitle "CBM 153 Extra"]
[Source "ChessBase"]
[SourceDate "2013.04.22"]
[SourceVersion "1"]
[SourceVersionDate "2013.04.22"]
[SourceQuality "1"]
[WhiteTeam "BYDT"]
[BlackTeam "Whoop Gata Kamsky Style"]
[WhiteTeamCountry "USA"]
[BlackTeamCountry "USA"]

1. e4 c5 2. Nc3 Nc6 3. f4 g6 4. Nf3 Bg7 5. Bb5 Nd4 6. 0-0 Nxb5 7. Nxb5 d6 8. Nc3 e6 9. d3 Ne7 10. Be3 b6 11. Qe1 d5 12. exd5 Nxd5 13. Ne5 0-0 14. Bd2 Bb7 15. Qg3 Nb4 16. Rac1 Nc6 17. Nxc6 Bxc6 18. Rce1 c4 19. Rd1 cxd3 20. Be3 Qe7 21. Rxd3 Qb4 22. Bc1 Rad8 23. Rfd1 Rxd3 24. Rxd3 Qe7 25. Bd2 Rd8 26. Rxd8+ Qxd8 27. Qd3 Qxd3 28. cxd3 Kf8 29. g3 Ke7 30. Kf2 Kd6 31. Be3 e5 32. fxe5+ Kxe5 33. Ke2 Kf5 34. Nd1 Be5 35. b3 h5 36. Nf2 Bd6 37. Bd2 a5 38. d4 g5 39. Kd3 g4 40. Kc4 h4 41. gxh4 Bxh2 42. h5 Bd6 43. d5 Bd7 44. h6 Kg6 45. Ne4 Be5 46. Be3 f5 47. Nd2 b5+ 48. Kc5 f4 49. Bg1 Kxh6 50. d6 f3 51. Ne4 g3 52. Kd5 Bf4 53. Kc5 f2 54. Nxf2 Be3+ 0-1